000 00408nam a2200181Ia 4500
005 20250423095405.0
008 250422s9999 xx 000 0 und d
020 _a0195124995
050 _aE 492.3 .M38/
100 _ajames m. Mcpherson
245 0 _aFor cause and comrades
260 _aNew york
260 _bOxford
260 _c1997
300 _a237 p
650 _aUNITED STATES
942 _cBK
999 _c30132
_d30132